Obra poética /

Guardat en:
Dades bibliogràfiques
Autor principal: López Velarde, Ramón 1888-1921
Altres autors: Martínez, José Luis (coordinador)
Format: Llibre
Idioma:Spanish
Publicat: Madrid, México : Alca XX, 1998.
Col·lecció:Colección Archivos; número 36
Matèries:
Etiquetes: Afegir etiqueta
Sense etiquetes, Sigues el primer a etiquetar aquest registre!

MARC

LEADER 00000cam a2200000 a 4500
005 20150213035611.0
008 991124s1998 sp r 00010 spa d
020 |a 8489666350 
040 |a la   |c la  |d CRU CIICLA 
041 0 |a spa 
082 0 4 |a M861.4  |b L8649-o  |2 19 ed. 
100 1 |a López Velarde, Ramón   |d 1888-1921 
245 1 0 |a Obra poética /   |c Ramon López Velarde ; edición crtica José Luis Martínez. 
260 |a Madrid, México :   |b Alca XX,   |c 1998. 
300 |a lxi, 841 páginas 
490 1 |a Colección Archivos;   |v número 36 
500 |a Mención de publicador de la cubierta: ALLCA XX / Universidad de Costa Rica. 
504 |a Incluye cronología bibliográfica. 
504 |a Incluye bibliografía. 
600 1 4 |a LOPEZ VELARDE, RAMON  |d 1888-1921 
650 1 4 |a LITERATURA MEXICANA  |v POESIA 
650 1 4 |a VIDA COTIDIANA  |v POESIAS 
700 1 4 |a Martínez, José Luis  |e coordinador 
942 |2 ddc  |c BK 
999 |c 3873  |d 3873